Bibekānanda : jībana o jijñāsā. (Record no. 72894)

MARC details
000 -LEADER
fixed length control field 00552cam a22002171 4500
001 - CONTROL NUMBER
control field sa 67001872
003 - CONTROL NUMBER IDENTIFIER
control field DLC
005 - DATE AND TIME OF LATEST TRANSACTION
control field 20260227112326.0
008 - FIXED-LENGTH DATA ELEMENTS--GENERAL INFORMATION
fixed length control field 890614s1963 ii c 000 0 beno
010 ## - LIBRARY OF CONGRESS CONTROL NUMBER
LC control number sa 67001872
035 ## - SYSTEM CONTROL NUMBER
System control number (OCoLC)19869895
040 ## - CATALOGING SOURCE
Original cataloging agency DLC
Transcribing agency WaU
Modifying agency DLC
042 ## - AUTHENTICATION CODE
Authentication code premarc
050 00 - LIBRARY OF CONGRESS CALL NUMBER
Classification number BL1270.V5
Item number G32
100 1# - MAIN ENTRY--PERSONAL NAME
Personal name Ganguly, Mano Mohan.
245 00 - TITLE STATEMENT
Title Bibekānanda : jībana o jijñāsā.
260 ## - PUBLICATION, DISTRIBUTION, ETC.
Date of publication, distribution, etc. [1963]
300 ## - PHYSICAL DESCRIPTION
Extent 111 p.
Other physical details port.
Dimensions 19 cm.
500 ## - GENERAL NOTE
General note In Bengali.
600 00 - SUBJECT ADDED ENTRY--PERSONAL NAME
Personal name Vivekananda,
Titles and other words associated with a name Swami,
Dates associated with a name 1863-1902.

No items available.

Powered by Koha